'LIFE'-less Countries Quiz Stats

Quiz Updated Nov 11, 2017

Challenge
Share
Tweet
Embed
Score 0/39 Timer 07:00
0 Plays Today
Continent Country % Correct
North AmericaCanada
86.4%
South AmericaUruguay
81%
AsiaJapan
80.5%
South AmericaParaguay
80.2%
EuropeNorway
79.8%
North AmericaCuba
75.2%
AfricaChad
71.6%
South AmericaGuyana
71.2%
North AmericaPanama
69.6%
AfricaMorocco
69.2%
AfricaSudan
65.9%
AsiaOman
65.9%
EuropeAndorra
65.8%
AfricaTogo
64.4%
North AmericaBahamas
62.4%
EuropeMonaco
62.1%
AfricaSouth Sudan
61.8%
AfricaGhana
61.7%
North AmericaHonduras
60.7%
OceaniaTonga
58.2%
Continent Country % Correct
AsiaJordan
58%
EuropeKosovo
57.6%
EuropeHungary
57.4%
AfricaRwanda
57.3%
OceaniaSamoa
57.1%
OceaniaNauru
56.8%
OceaniaVanuatu
55.9%
AfricaUganda
55.8%
AsiaQatar
55.5%
EuropeCyprus
55.3%
AsiaBhutan
55.1%
AsiaKazakhstan
54.9%
North AmericaBarbados
54.4%
AfricaMadagascar
52.3%
AfricaGabon
49.9%
AfricaBotswana
49.6%
AsiaKyrgyzstan
49.4%
AsiaMyanmar
49.1%
AfricaComoros
45.8%

You're not logged in!

Compare scores with friends on all Sporcle quizzes.
Sign Up with Email
OR
Log In

You Might Also Like...

Show Comments

Extras

Top Quizzes Today


Score Distribution

Your Account Isn't Verified!

In order to create a playlist on Sporcle, you need to verify the email address you used during registration. Go to your Sporcle Settings to finish the process.

Report this User

Report this user for behavior that violates our Community Guidelines.

Details: